<?xml version="1.0" encoding="UTF-8"?>
<record
    xmlns:xsi="http://www.w3.org/2001/XMLSchema-instance"
    xsi:schemaLocation="http://www.loc.gov/MARC21/slim http://www.loc.gov/standards/marcxml/schema/MARC21slim.xsd"
    xmlns="http://www.loc.gov/MARC21/slim">

  <leader>02033nac a22002771u 4500</leader>
  <datafield tag="010" ind1=" " ind2=" ">
    <subfield code="a">  2007296580</subfield>
  </datafield>
  <datafield tag="020" ind1=" " ind2=" ">
    <subfield code="a">0387355375</subfield>
  </datafield>
  <datafield tag="020" ind1=" " ind2=" ">
    <subfield code="a">9780387355375</subfield>
  </datafield>
  <datafield tag="035" ind1=" " ind2=" ">
    <subfield code="a">(OCoLC)ocn122163107</subfield>
  </datafield>
  <datafield tag="035" ind1=" " ind2=" ">
    <subfield code="a">(OCoLC)122163107</subfield>
  </datafield>
  <datafield tag="082" ind1="0" ind2="0">
    <subfield code="a">621.312429</subfield>
    <subfield code="b">BAS</subfield>
  </datafield>
  <datafield tag="090" ind1=" " ind2=" ">
    <subfield code="c">7948</subfield>
    <subfield code="d">7948</subfield>
  </datafield>
  <datafield tag="100" ind1=" " ind2=" ">
    <subfield code="a">Basu, Suddhasatwa [ed.       </subfield>
  </datafield>
  <datafield tag="245" ind1="0" ind2="0">
    <subfield code="a">Recent trends in fuel cell science and technology /</subfield>
    <subfield code="c">edited by Suddhasatwa Basu.</subfield>
  </datafield>
  <datafield tag="246" ind1="1" ind2="0">
    <subfield code="a">Fuel cell science and technology</subfield>
  </datafield>
  <datafield tag="260" ind1=" " ind2=" ">
    <subfield code="a">New York :</subfield>
    <subfield code="b">Springer ;</subfield>
    <subfield code="a">New Delhi :</subfield>
    <subfield code="b">Anamaya,c2007.</subfield>
    <subfield code="c">c2007.</subfield>
  </datafield>
  <datafield tag="300" ind1=" " ind2=" ">
    <subfield code="a">viii, 375 p. :</subfield>
    <subfield code="b">ill. ;</subfield>
    <subfield code="c">25 cm.</subfield>
  </datafield>
  <datafield tag="500" ind1=" " ind2=" ">
    <subfield code="a">Distributer: Al-Ahram.</subfield>
  </datafield>
  <datafield tag="504" ind1=" " ind2=" ">
    <subfield code="a">Includes bibliographical references and index.</subfield>
  </datafield>
  <datafield tag="505" ind1="0" ind2="0">
    <subfield code="t">Introduction to fuel cells /</subfield>
    <subfield code="r">R.K. Shah --</subfield>
    <subfield code="t">Electro-analytical techniques in fuel cell research and development /</subfield>
    <subfield code="r">Manikandan Ramani --</subfield>
    <subfield code="t">Polymer electrolyte membrane fuel cell /</subfield>
    <subfield code="r">K.S. Dhathathreyan and</subfield>
    <subfield code="r">N. Rajalakshmi --</subfield>
    <subfield code="t">Fundamentals of gas diffusion layers in PEM fuel cells /</subfield>
    <subfield code="r">Virendra K. Mathur and</subfield>
    <subfield code="r">Jim Crawford --</subfield>
    <subfield code="t">Water problem in PEMFC /</subfield>
    <subfield code="r">Kohei Ito --</subfield>
    <subfield code="t">Micro fuel cells /</subfield>
    <subfield code="r">S. Venugopalan --</subfield>
    <subfield code="t">Direct alcohol and borohydride alkaline fuel cells /</subfield>
    <subfield code="r">Anil Verma and</subfield>
    <subfield code="r">Suddhasatwa Basu --</subfield>
    <subfield code="t">Phosphoric acid fuel cell technology /</subfield>
    <subfield code="r">Suman Roy Choudhury --</subfield>
    <subfield code="t">Carbonate fuel cell: principles and applications /</subfield>
    <subfield code="r">Hossein Ghezel-Ayagh,</subfield>
    <subfield code="r">Mohammad Farooque and</subfield>
    <subfield code="r">Hansraj C. Maru --</subfield>
    <subfield code="t">Direct conversion of coal derived carbon in fuel cells /</subfield>
    <subfield code="r">John F. Cooper --</subfield>
    <subfield code="t">Solid oxide fuel cells: principles, designs and state-of-the-art in industries /</subfield>
    <subfield code="r">Roberto Bove --</subfield>
    <subfield code="t">Materials for solid oxide fuel cells /</subfield>
    <subfield code="r">Rajendra N. Basu --</subfield>
    <subfield code="t">Fuel cell power-conditioning systems</subfield>
    <subfield code="r">Sudip K. Mazumder --</subfield>
    <subfield code="t">Future directions of fuel cell science and technology /</subfield>
    <subfield code="r">Suddhasatwa Basu.</subfield>
  </datafield>
  <datafield tag="511" ind1=" " ind2=" ">
    <subfield code="a">Catalogued By: Mahitab.</subfield>
  </datafield>
  <datafield tag="650" ind1=" " ind2="0">
    <subfield code="a">Fuel cells</subfield>
    <subfield code="x">Research.</subfield>
  </datafield>
  <datafield tag="700" ind1="1" ind2=" ">
    <subfield code="a">Basu, Suddhasatwa.</subfield>
  </datafield>
  <datafield tag="942" ind1=" " ind2=" ">
    <subfield code="c">BB</subfield>
    <subfield code="k">621.312429BAS</subfield>
  </datafield>
  <datafield tag="999" ind1=" " ind2=" ">
    <subfield code="c">7948</subfield>
    <subfield code="d">7948</subfield>
  </datafield>
  <datafield tag="952" ind1=" " ind2=" ">
    <subfield code="0">0</subfield>
    <subfield code="1">0</subfield>
    <subfield code="4">0</subfield>
    <subfield code="7">0</subfield>
    <subfield code="a">MAIN</subfield>
    <subfield code="b">MAIN</subfield>
    <subfield code="c">1ST</subfield>
    <subfield code="d">2014-02-08</subfield>
    <subfield code="e">Purchase</subfield>
    <subfield code="l">2</subfield>
    <subfield code="m">5</subfield>
    <subfield code="o">621.312429BAS</subfield>
    <subfield code="p">000009714</subfield>
    <subfield code="r">2025-07-15 00:00:00</subfield>
    <subfield code="s">2019-05-12</subfield>
    <subfield code="y">BB</subfield>
  </datafield>
</record>
